Eurovision 2019 Qualified Countries - Statistics

General Stats
  • This quiz has been taken 261 times
  • The average score is 23 of 26
Answer Stats
Points Countries % Correct
492 Netherlands
97%
32 Germany
96%
465 Italy
96%
60 Spain
96%
332 Sweden
96%
16 United Kingdom
96%
338 Norway
95%
105 France
94%
369 Russia
94%
234 Iceland
93%
47 Israel
92%
285 Australia
91%
360 Switzerland
90%
120 Denmark
89%
71 Greece
89%
86 Estonia
88%
31 Belarus
87%
101 Cyprus
87%
92 Serbia
87%
297 Azerbaijan
86%
105 Slovenia
86%
157 Czechia
85%
295 Macedonia
84%
95 Malta
84%
90 Albania
83%
81 San Marino
80%
No matching quizzes found
Score Distribution
Percent of People with Each Score
Percentile by Number Answered
Your Score History
You have not taken this quiz